| 000 | 01063cam a2200301 a 4500 | ||
|---|---|---|---|
| 001 | 000007502 | ||
| 005 | 20200929154206.0 | ||
| 008 | 920902s1992 sp ac b 001 0cspa | ||
| 020 | _a8472234819 | ||
| 035 | _a(DLC) 92209541 | ||
| 040 |
_aDO-SdBNP _cDLC _dBNPHU |
||
| 082 |
_a920.5 _bS165c |
||
| 100 | 1 |
_aSalinas, Pedro, _d1892-1951. _97966 |
|
| 245 | 1 | 0 |
_aCorrespondencia (1923-1951) / _cPedro Salinas, Jorge Guillén; edición introducción y notas de Andrés Soria Olmedo. |
| 260 |
_aBarcelona : _bTusquets, _c1992. |
||
| 300 |
_a631 p. : _bil. ; _c23 cm. |
||
| 490 | 1 |
_aMarginales _v120 |
|
| 504 | _aIncluye referencias bibliográficas y notas al pie de las páginas. | ||
| 600 | 1 | 4 |
_aSALINAS, PEDRO, _d1892-1951 _97966 |
| 600 | 1 | 4 |
_aGUILLÉN, JORGE, _d1893- _98751 |
| 650 | 4 |
_aAutores españoles _ySIGLO XX _9633 |
|
| 650 | 4 |
_aCartas españolas _99744 |
|
| 700 | 1 |
_aGuillen, Jorge, _d1893- _98751 |
|
| 700 | 1 |
_aSoria Olmedo, Andrés, _eed. _epról. _912630 |
|
| 830 | 0 |
_aMarginales ; _v120 _920830 |
|
| 910 | _aCatalogación por copia / LC | ||
| 049 | _aBNGR | ||
| 999 |
_c7283 _d7283 |
||